Statistics for População do Distrito de Santarém por ordem

Click here to take the quiz!

General Stats

  • This quiz has been taken 5 times
  • The average score is 10 of 21

Answer Stats

HintAnswer% Correct
22 012 hab.Almeirim
80%
58 662 hab.Santarém
80%
34 329 hab.Abrantes
60%
29 709 hab.Benavente
60%
23 186 hab.Cartaxo
60%
17 355 hab.Coruche
60%
20 141 hab.Entroncamento
60%
44 538 hab.Ourém
60%
21 004 hab.Rio Maior
60%
21 607 hab.Salvaterra de Magos
60%
36 413 hab.Tomar
60%
34 111 hab.Torres Novas
60%
12 472 hab.Alcanena
40%
8 530 hab.Chamusca
40%
6 975 hab.Alpiarça
20%
3 798 hab.Constância
20%
7 800 hab.Ferreira do Zêzere
20%
5 400 hab.Golegã
20%
6 402 hab.Mação
20%
3 513 hab.Sardoal
20%
7 016 hab.Vila Nova da Barquinha
20%

Score Distribution

Percentile by Number Answered

Percent of People with Each Score

Your Score History

You have not taken this quiz